000 01243nam a2200313Ia 4500
008 130821s2005 sp a gr spa
020 _a8496473090
020 _a9788496473096
040 _aCO-BoUCM
_bspa
_cAngélica Chartano
_dAldemar Mondragón
041 0 0 _aspa
100 1 _aRavishankar, Anushka
_941455
245 1 0 _aTigre trepador
_cAnushka Ravishankar ; ilustraciones Pulak Biswas ; traducción Jorge González y Aloe Azid
260 _aBarcelona (España)
_bThule Ediciones
_c2005
300 _a[40] páginas
_bilustraciones a color
490 0 _aTrampantojo
586 _aPremio al Mejor Libro Infantil de la American Library Association, 2005.
586 _aPremio de la New York Book Show, Sección Infantil, 2005.
650 7 _aCuentos infantiles indios
_941456
650 7 _aLibros ilustrados para niños
_918516
650 7 _aLibros y lectura para niños
_918524
650 7 _aLiteratura infantil india
_941978
650 7 _aLiteratura infantil
_918680
690 _aLiteratura Asiática
700 1 _aBiswas, Pulak
_941459
_eilustrador
700 1 _aGonzález, Jorge
_941460
_etraductor
765 _tTiger on a tree
942 _cLIBRO
_a1
_e1
_mR256t
_2DEWEY
_h891.43
_n0
999 _c167300
_d167300